[Event "Pirot Generations m 2nd"]
[Site "Pirot"]
[Date "2023.12.27"]
[Round "4.1"]
[White "Gu, Crystal Jiuzhou"]
[Black "Novoselski, Zoran"]
[Result "1-0"]
[WhiteElo "2045"]
[BlackElo "2204"]
[PlyCount "89"]
[EventDate "2023.12.27"]
[EventType "schev"]
[EventRounds "8"]
[EventCountry "SRB"]
[SourceTitle "CB01_2024"]
[SourceDate "2024.01.03"]
[SourceVersion "1"]
[SourceVersionDate "2024.01.03"]
[SourceQuality "1"]
[WhiteTeam "Youth"]
[BlackTeam "Experts"]
[WhiteTeamCountry "USA"]
[BlackTeamCountry "SRB"]

1. e4 c5 2. Nc3 Nc6 3. Nge2 d6 4. g3 Bg4 5. Bg2 Nd4 6. 0-0 Nf3+ 7. Kh1 h5 8. d3 h4 9. Bxf3 Bxf3+ 10. Kg1 e5 11. Qd2 Qd7 12. Qe3 Qg4 13. h3 hxg3 14. fxg3 Qxh3 15. Kf2 Qg4 16. Qxf3 Qxf3+ 17. Kxf3 Ne7 18. Be3 f6 19. Rh1 Rxh1 20. Rxh1 a6 21. g4 Kf7 22. Ng3 g6 23. Nd5 Nxd5 24. exd5 Kg8 25. Ne4 f5 26. Nf6+ Kf7 27. Bg5 Bg7 28. Rh7 Rh8 29. Rxh8 Bxh8 30. Nd7 Ke8 31. Nb6 Bg7 32. Nc4 Bf8 33. gxf5 gxf5 34. Ne3 f4 35. Nf5 Kf7 36. Bh6 Bxh6 37. Nxh6+ Ke7 38. Nf5+ Kd7 39. c3 b5 40. d4 exd4 41. cxd4 c4 42. Kxf4 Kc7 43. Ne3 Kd7 44. Nc2 Kc7 45. Kf5 1-0

[Event "Pirot Generations m 2nd"]
[Site "Pirot"]
[Date "2023.12.27"]
[Round "1.2"]
[White "Li, Iris"]
[Black "Novoselski, Zoran"]
[Result "0-1"]
[WhiteElo "2147"]
[BlackElo "2204"]
[PlyCount "82"]
[EventDate "2023.12.27"]
[EventType "schev"]
[EventRounds "8"]
[EventCountry "SRB"]
[SourceTitle "CB01_2024"]
[SourceDate "2024.01.03"]
[SourceVersion "1"]
[SourceVersionDate "2024.01.03"]
[SourceQuality "1"]
[WhiteTeam "Youth"]
[BlackTeam "Experts"]
[WhiteTeamCountry "USA"]
[BlackTeamCountry "SRB"]

1. e4 c5 2. Nf3 Nc6 3. d4 cxd4 4. Nxd4 Nf6 5. Nc3 d6 6. Bc4 e6 7. Be3 a6 8. a4 Qc7 9. Bb3 Be7 10. 0-0 0-0 11. Kh1 b6 12. f4 Na5 13. Qd3 Bd7 14. f5 Nxb3 15. Nxb3 Ng4 16. Bg1 Ne5 17. Qg3 Kh8 18. Bd4 b5 19. axb5 axb5 20. Rxa8 Rxa8 21. fxe6 Bxe6 22. Rc1 b4 23. Nd5 Bxd5 24. exd5 Bf6 25. c3 Qc4 26. Nd2 Qxd5 27. Nf1 h6 28. Ne3 Qe4 29. Rd1 Bh4 30. Qh3 Nd3 31. Rf1 Kg8 32. Kg1 Bg5 33. Qf3 Qxf3 34. Rxf3 Bxe3+ 35. Bxe3 Ra1+ 36. Rf1 Rxf1+ 37. Kxf1 b3 38. Ke2 Nxb2 39. Bc1 Na4 40. Kd3 b2 41. Bxb2 Nxb2+ 0-1

[Event "Arcadia King Memorial 2nd"]
[Site "Arcadia"]
[Date "2023.08.09"]
[Round "2.4"]
[White "Novoselski, Zoran"]
[Black "Iinuma, Paul Y"]
[Result "1-0"]
[WhiteElo "2234"]
[BlackElo "2039"]
[PlyCount "65"]
[EventDate "2023.08.09"]
[EventType "schev"]
[EventRounds "10"]
[EventCountry "USA"]
[SourceTitle "EXT 2024"]
[Source "ChessBase"]
[SourceDate "2023.10.10"]
[SourceVersion "1"]
[SourceVersionDate "2023.10.10"]
[SourceQuality "1"]

1. d4 Nf6 2. c4 e6 3. Nc3 Bb4 4. Bg5 c5 5. d5 d6 6. e3 Bxc3+ 7. bxc3 e5 8. Bd3 h6 9. Bh4 0-0 10. f3 Re8 11. Qc2 Nbd7 12. Nh3 e4 13. fxe4 Ne5 14. Bxf6 Qxf6 15. Nf4 Ng4 16. Qd2 Qe5 17. 0-0 Bd7 18. Rf3 b5 19. cxb5 c4 20. Bxc4 Rac8 21. Bf1 Nf6 22. Nd3 Qxe4 23. Nb4 Qe5 24. Rc1 Ng4 25. g3 Qh5 26. Rf4 Nxe3 27. Be2 Qh3 28. Rf2 Bg4 29. Nc6 Nxd5 30. Bxg4 Qxg4 31. Qxd5 Re6 32. Rcf1 Rce8 33. Nxa7 1-0

[Event "Arcadia King Memorial 1st"]
[Site "Arcadia"]
[Date "2023.08.06"]
[Round "7"]
[White "Wu, Derek"]
[Black "Novoselski, Zoran"]
[Result "1-0"]
[WhiteElo "2171"]
[BlackElo "2234"]
[PlyCount "131"]
[EventDate "2023.08.02"]
[EventType "tourn"]
[EventRounds "10"]
[EventCountry "USA"]
[EventCategory "2"]
[SourceTitle "EXT 2024"]
[Source "ChessBase"]
[SourceDate "2023.10.10"]
[SourceVersion "1"]
[SourceVersionDate "2023.10.10"]
[SourceQuality "1"]

1. d4 Nf6 2. Nc3 e6 3. e4 d5 4. e5 Ne4 5. Nxe4 dxe4 6. Bc4 a6 7. a4 b6 8. Ne2 Bb7 9. Nf4 Nd7 10. Bxe6 Nxe5 11. dxe5 Qxd1+ 12. Kxd1 fxe6 13. Nxe6 Kd7 14. Nf4 Re8 15. e6+ Kc8 16. a5 Bd6 17. Ke2 Rhf8 18. Nh5 Rxe6 19. Be3 Be5 20. Rhd1 Rf5 21. Ng3 Rf7 22. Bd4 Bf4 23. Nh5 g5 24. Be3 Rh6 25. g4 Bc6 26. c4 Bd7 27. h3 b5 28. Bxf4 gxf4 29. Rd4 Re6 30. Rad1 bxc4 31. Nxf4 Ref6 32. Ke3 Ba4 33. Ra1 Bc6 34. Rxc4 Bb7 35. Ne2 Rf3+ 36. Kd4 Rd3+ 37. Ke5 Rd5+ 38. Ke6 Rxf2 39. Rac1 Rxa5 40. Rxc7+ Kb8 41. Nd4 Bd5+ 42. Kd6 Rxb2 43. Rxh7 Rb6+ 44. Nc6+ Bxc6 45. Rxc6 Rxc6+ 46. Kxc6 Re5 47. Rh8+ Ka7 48. Rh7+ Kb8 49. Rb7+ Kc8 50. Rb2 a5 51. Kd6 Re8 52. Ra2 Rd8+ 53. Ke6 Rd3 54. Rxa5 Rxh3 55. g5 e3 56. Re5 Rg3 57. Kf5 Kd7 58. Kf4 Kd6 59. Re8 Rh3 60. Kg4 Kd7 61. Re4 Rh7 62. Rxe3 Re7 63. Rxe7+ Kxe7 64. Kh5 Kf8 65. Kh6 Kg8 66. Kg6 1-0

[Event "Arandjelovac ASK-7 IM"]
[Site "Arandjelovac"]
[Date "2022.03.04"]
[Round "7"]
[White "Novoselski, Zoran"]
[Black "Pikula, Dejan"]
[Result "1/2-1/2"]
[WhiteElo "2317"]
[BlackElo "2337"]
[PlyCount "25"]
[EventDate "2022.02.28"]
[EventType "swiss"]
[EventRounds "9"]
[EventCountry "SRB"]
[SourceTitle "CBM 207 Extra"]
[Source "ChessBase"]
[SourceDate "2022.05.31"]
[SourceVersion "1"]
[SourceVersionDate "2022.05.31"]
[SourceQuality "1"]

1. c4 e6 2. g3 d5 3. Bg2 Nf6 4. Nf3 c5 5. cxd5 exd5 6. d4 Nc6 7. Nc3 Be7 8. 0-0 0-0 9. Bg5 h6 10. Be3 cxd4 11. Nxd4 Re8 12. Nxc6 bxc6 13. Na4 1/2-1/2

[Event "Arandjelovac ASK-7 IM"]
[Site "Arandjelovac"]
[Date "2022.03.01"]
[Round "2"]
[White "Ahmad, Khagan"]
[Black "Novoselski, Zoran"]
[Result "1/2-1/2"]
[WhiteElo "1933"]
[BlackElo "2317"]
[PlyCount "138"]
[EventDate "2022.02.28"]
[EventType "swiss"]
[EventRounds "9"]
[EventCountry "SRB"]
[SourceTitle "CBM 207 Extra"]
[Source "ChessBase"]
[SourceDate "2022.05.31"]
[SourceVersion "1"]
[SourceVersionDate "2022.05.31"]
[SourceQuality "1"]

1. e4 e5 2. Nf3 Nc6 3. Bb5 a6 4. Ba4 d6 5. 0-0 Bd7 6. c3 Nge7 7. d4 Ng6 8. Nbd2 Be7 9. Re1 0-0 10. Nf1 Nh4 11. Nxh4 Bxh4 12. Ng3 Bg5 13. Bc2 Bxc1 14. Rxc1 g6 15. Qd2 Qf6 16. Rcd1 Rad8 17. Qh6 Qg7 18. Qe3 Rfe8 19. f4 Qh6 20. fxe5 Qxe3+ 21. Rxe3 dxe5 22. d5 Na5 23. b3 b5 24. Rf1 c6 25. Rf6 Rc8 26. Ref3 Bg4 27. Rf2 Rc7 28. h3 Bc8 29. b4 Nc4 30. Bb3 Rd8 31. Bxc4 bxc4 32. Rxc6 Rxc6 33. dxc6 Rd6 34. Nf1 Be6 35. Rd2 Rxc6 36. g4 h5 37. Ne3 Kg7 38. a4 hxg4 39. hxg4 Kf6 40. Kf2 Kg5 41. Kg3 Kf6 42. Kh4 Ke7 43. g5 Rd6 44. Rxd6 Kxd6 45. Kg3 a5 46. Kf3 Kc6 47. Ke2 Kb6 48. Kd2 Kc6 49. Kc2 Kd6 50. Kb2 Kc6 51. bxa5 Kc5 52. a6 Bc8 53. a7 Bb7 54. Ng4 Kb6 55. Nxe5 Kxa7 56. Nxf7 Bxe4 57. Ne5 Kb6 58. Nxc4+ Kc5 59. Ne3 Kd6 60. c4 Bb7 61. Kc3 Kc5 62. a5 Ba6 63. Ng4 Bxc4 64. Ne5 Ba2 65. Nxg6 Kb5 66. Kd4 Kxa5 67. Ke5 Kb6 68. Kd6 Kb7 69. Ne5 Bb1 1/2-1/2

[Event "Titled Tuesday intern op 13th July"]
[Site "Chess.com INT"]
[Date "2021.07.13"]
[Round "9"]
[White "Nguyen, Hong Ngoc"]
[Black "Novoselski, Zoran"]
[Result "0-1"]
[WhiteElo "1957"]
[BlackElo "2324"]
[PlyCount "80"]
[EventDate "2021.07.13"]
[EventType "swiss (blitz)"]
[EventRounds "11"]
[EventCountry "USA"]
[SourceTitle "CBM 203 Extra"]
[Source "ChessBase"]
[SourceDate "2021.09.30"]
[SourceVersion "1"]
[SourceVersionDate "2021.09.30"]
[SourceQuality "1"]

1. e4 d6 2. Nc3 Nf6 3. d4 e5 4. Nf3 Nbd7 5. Bc4 Be7 6. 0-0 0-0 7. h3 c6 8. a4 b6 9. d5 c5 10. Re1 a6 11. Qd3 Re8 12. g3 Nf8 13. Kh2 h6 14. Rb1 N6h7 15. b4 cxb4 16. Rxb4 Qc7 17. Be3 Nd7 18. Reb1 Nc5 19. Bxc5 bxc5 20. Rb6 Bd8 21. Rc6 Qd7 22. Rxc8 Qxc8 23. Ne2 Ng5 24. Nfg1 Rf8 25. h4 Nh7 26. f4 exf4 27. Nxf4 Nf6 28. Nf3 Ng4+ 29. Kg2 Bf6 30. Rb6 Qd7 31. Rc6 Ne5 32. Nxe5 Bxe5 33. Ne2 f5 34. exf5 Rxf5 35. Bxa6 Raf8 36. Qe3 Qf7 37. Qe4 Rf2+ 38. Kh3 Qd7+ 39. Qg4 Rh2+ 40. Kxh2 Qxg4 0-1

[Event "Titled Tuesday intern op 13th July"]
[Site "Chess.com INT"]
[Date "2021.07.13"]
[Round "8"]
[White "Novoselski, Zoran"]
[Black "Stoyanov, Tsvetan"]
[Result "0-1"]
[WhiteElo "2324"]
[BlackElo "2388"]
[PlyCount "100"]
[EventDate "2021.07.13"]
[EventType "swiss (blitz)"]
[EventRounds "11"]
[EventCountry "USA"]
[SourceTitle "CBM 203 Extra"]
[Source "ChessBase"]
[SourceDate "2021.09.30"]
[SourceVersion "1"]
[SourceVersionDate "2021.09.30"]
[SourceQuality "1"]

1. e4 c5 2. Nf3 d6 3. Bb5+ Nd7 4. c3 a6 5. Ba4 b5 6. Bc2 Bb7 7. 0-0 g6 8. d4 Bg7 9. Re1 Qc7 10. a4 e5 11. axb5 axb5 12. Rxa8+ Bxa8 13. Na3 Qb6 14. dxc5 dxc5 15. b4 cxb4 16. cxb4 Bc6 17. Bb2 Ne7 18. Qd6 Nc8 19. Qd2 0-0 20. Bb3 Qb7 21. Ng5 h6 22. Nxf7 Rxf7 23. Qd3 Kf8 24. Bxf7 Kxf7 25. Qb3+ Kf8 26. Qe6 Ne7 27. Rd1 Qc8 28. f4 Qc7 29. f5 gxf5 30. exf5 Qb6+ 31. Kh1 Qf2 32. Rg1 Qxb2 33. Nb1 Bxg2+ 34. Rxg2 Qxb1+ 35. Rg1 Qe4+ 36. Rg2 Nf6 37. h3 Nxf5 38. Qc8+ Kf7 39. Qc7+ Ne7 40. Kh2 Qf4+ 41. Kh1 Nfd5 42. Qc2 Ne3 43. Qa2+ Qc4 44. Rf2+ Ke6 45. Qb1 N7f5 46. Ra2 Qd5+ 47. Kh2 e4 48. Ra7 Be5+ 49. Kg1 Qd2 50. Qb3+ Nc4 0-1

[Event "Titled Tuesday intern op 01st June"]
[Site "Chess.com INT"]
[Date "2021.06.01"]
[Round "9"]
[White "Antonio, Jorge Carlos"]
[Black "Novoselski, Zoran"]
[Result "0-1"]
[WhiteElo "2277"]
[BlackElo "2324"]
[PlyCount "138"]
[EventDate "2021.06.01"]
[EventType "swiss (blitz)"]
[EventRounds "11"]
[EventCountry "USA"]
[SourceTitle "CBM 202 Extra"]
[Source "ChessBase"]
[SourceDate "2021.07.31"]
[SourceVersion "1"]
[SourceVersionDate "2021.07.31"]
[SourceQuality "1"]

1. d4 Nf6 2. Nf3 g6 3. c4 d5 4. Bg5 Bg7 5. Nc3 0-0 6. Bxf6 Bxf6 7. Nxd5 Bg7 8. e3 c5 9. Be2 Nc6 10. 0-0 cxd4 11. Nxd4 Nxd4 12. exd4 e6 13. Ne3 Bxd4 14. Qd2 Bg7 15. Qb4 Qc7 16. Rfd1 Bd7 17. Bf3 Rab8 18. Rac1 Rfd8 19. b3 Be8 20. Rxd8 Qxd8 21. Rd1 Qc7 22. Qd2 Bf8 23. Nc2 Be7 24. Ne3 Rd8 25. Qe2 Qa5 26. Rxd8 Qxd8 27. Qd1 Qa5 28. Qe2 b6 29. g3 Qc3 30. Kg2 h5 31. h4 Bc5 32. Qc2 Qa1 33. Nd1 Bd4 34. Ne3 Bxe3 35. fxe3 f5 36. Qd2 Qf6 37. Qd6 Kg7 38. Qc7+ Qf7 39. Qxf7+ Kxf7 40. Bb7 Kf6 41. Kf3 Ke5 42. b4 Ba4 43. c5 bxc5 44. bxc5 Bc2 45. Bc8 Be4+ 46. Ke2 Bc6 47. Kd3 Kd5 48. a3 e5 49. Kc3 Kxc5 50. Be6 Bd5 51. Bd7 Bf7 52. Kd3 a5 53. e4 f4 54. gxf4 exf4 55. Ke2 Kd4 56. Kf3 Ke5 57. Bc8 Bb3 58. Bb7 Bd1+ 59. Kf2 Bg4 60. Bc6 Be6 61. Bb7 Bf7 62. Kf3 Be8 63. Bc8 Bc6 64. Ba6 Bxe4+ 65. Kf2 Kf5 66. Bc8+ Kf6 67. Ke2 Bf5 68. Kf2 Bxc8 69. Kf3 Kf5 0-1